00629nam a22001697a 450000500170000001000150001702000270003203500140005903700090007308200080008210000150009024500560010526000340016127000720019530000200026750001720028720240903111014.0 aENG-141584 c1200.00a9789390746279 aEN-125116 bDBAD a330 aV.K. Singh aGlobalisation and Global Resistance/cBy V.K. Singh aKolkatabEXCELLER BOOKSc2021 aG1,Dream Apartment, Degree College Road, BelghariabKolkatae700056 a391p.c28cm(pb) aAn Enquiry into Emergence and Ascendency of Global Hegemony of Neoliberal Finance Capital and People's Global Social-Political Resistance Against its Global Offensives